| 000 | 00842nam a22002297a 4500 | ||
|---|---|---|---|
| 003 | OSt | ||
| 005 | 20251201112825.0 | ||
| 008 | 251201b |||||||| |||| 00| 0 eng d | ||
| 020 | _a978-1-890627-54-6 | ||
| 040 |
_aDWCL-Main lib. _cOC |
||
| 082 |
_21st ed. _aCirc. 371.92 K95h 2008 |
||
| 100 | _aKumin, Libby | ||
| 245 |
_aHelping children with Down syndrome communicate better : _bspeech and language skills for ages 6-14/ _cLibby Kumin |
||
| 260 |
_bWoodbine House, _cc2008 |
||
| 300 |
_avi, 393 p. : _bb & w ill. ; _c28 cm |
||
| 504 | _aIncludes bibliographical references & index. | ||
| 650 | _a1. Children with mental disabilities ( Elementary ). | ||
| 650 | _a2. Communicatve competence in children | ||
| 650 | _a3. Down syndrome | ||
| 650 | _a4. Verbal ability in children | ||
| 942 |
_2ddc _cBK-CIRC _e1st ed. _hCirc. _n0 |
||
| 999 |
_c6645 _d6645 |
||